Reinventing Philip Roth in the Fiction of Others (notice n° 1650776)

détails MARC
000 -LEADER
fixed length control field 01417cam a2200229 4500500
005 - DATE AND TIME OF LATEST TRANSACTION
control field 20260208005140.0
041 ## - LANGUAGE CODE
Language code of text/sound track or separate title fre
042 ## - AUTHENTICATION CODE
Authentication code dc
100 10 - MAIN ENTRY--PERSONAL NAME
Personal name Aarons, Victoria
Relator term author
245 00 - TITLE STATEMENT
Title Reinventing Philip Roth in the Fiction of Others
260 ## - PUBLICATION, DISTRIBUTION, ETC.
Date of publication, distribution, etc. 2021.<br/>
500 ## - GENERAL NOTE
General note 55
520 ## - SUMMARY, ETC.
Summary, etc. Cet essai a trait à « l’héritage » rothien. Au travers, principalement, de l’étude d’une nouvelle de Sam Apple publiée en 2015 et d’un roman graphique publié par Anya Ulinich en 2014, on s’intéressera à la façon dont les successeurs et disciples de l’auteur s’emploient à le mettre en scène et à le réinventer dans leur fiction, suivant un processus qui tient tout à la fois de l’hommage respectueux et de l’irrévérence parodique. La démarche, par-delà toute anxiété de l’influence, procède d’une réflexion ironique sur les rapports entre fiction et métafiction ainsi que sur les ambiguïtés et les paradoxes inhérents à toute représentation de soi-même et d’autrui.
690 ## - LOCAL SUBJECT ADDED ENTRY--TOPICAL TERM (OCLC, RLIN)
Topical term or geographic name as entry element “anxiety of influence”
690 ## - LOCAL SUBJECT ADDED ENTRY--TOPICAL TERM (OCLC, RLIN)
Topical term or geographic name as entry element autofiction
690 ## - LOCAL SUBJECT ADDED ENTRY--TOPICAL TERM (OCLC, RLIN)
Topical term or geographic name as entry element irony
690 ## - LOCAL SUBJECT ADDED ENTRY--TOPICAL TERM (OCLC, RLIN)
Topical term or geographic name as entry element metafiction
690 ## - LOCAL SUBJECT ADDED ENTRY--TOPICAL TERM (OCLC, RLIN)
Topical term or geographic name as entry element parody
690 ## - LOCAL SUBJECT ADDED ENTRY--TOPICAL TERM (OCLC, RLIN)
Topical term or geographic name as entry element Roth
786 0# - DATA SOURCE ENTRY
Note Revue française d’études américaines | 166 | 1 | 2021-04-26 | p. 62-74 | 0397-7870
856 41 - ELECTRONIC LOCATION AND ACCESS
Uniform Resource Identifier <a href="https://shs.cairn.info/journal-revue-francaise-d-etudes-americaines-2021-1-page-62?lang=en&redirect-ssocas=7080">https://shs.cairn.info/journal-revue-francaise-d-etudes-americaines-2021-1-page-62?lang=en&redirect-ssocas=7080</a>

Pas d'exemplaire disponible.

PLUDOC

PLUDOC est la plateforme unique et centralisée de gestion des bibliothèques physiques et numériques de Guinée administré par le CEDUST. Elle est la plus grande base de données de ressources documentaires pour les Étudiants, Enseignants chercheurs et Chercheurs de Guinée.

Adresse

627 919 101/664 919 101

25 boulevard du commerce
Kaloum, Conakry, Guinée

Réseaux sociaux

Powered by Netsen Group @ 2025